000 00713cab a2200253 4500
001 X1154
008 090401t1993 xxu||||| |||| 00| 0 eng d
035 _a(Sirsi) u15031
041 _aeng
100 _aQuirion, C.
245 _aReal-time kinematic: practical survey applications of advanced GPS technology
260 _c1993
350 _a0
490 _aGeodetical Info Magazine
_v7(10) October 1993, 79-81; 7(11) October 1993, 53-
650 _aCASE STUDIES
650 _aGLOBAL POSITIONING SYSTEMS
650 _aGPS
650 _aMEASURING
650 _aRTK
690 _aMANAGEMENT-BUSINESS MANAGEMENT-INFORMATION MANAGEMENT
690 _aLAND SURVEYING
942 _n0
948 _c04/03/1997
999 _c9815
_d9815